• 首页
  • 本馆介绍
  • 公告通知
  • 最新文献
  • 馆藏检索
  • 电子资源
  • 读者荐购
  • 参考咨询
  • CALIS
  • 我的图书馆
  • 登录
  • 详细信息显示
  • 放入我的书架
  • 预约/预借图书
  • 作者相关作品
  • 分类相关作品
  • 丛书相关作品
  • 出版社相关作品

书目信息

  • 表格格式
  • 工作单格式
  • 卡片格式
题名:
小池塘大世界
    
 
作者: 卢埃林著 , 桑德斯 绘
分册: 1   一级
出版信息: 北京   外语教学与研究出版社  2015.04
页数: 15页
开本: 20cm
丛书名:
单 册:
中图分类: H319.4
科图分类:
主题词: 英语
电子资源:
ISBN: 978-7-5135-5605-7
 
 
 
 
 
000 00834nam0 2200253 450
001 2634202579
005 20260624102917.36
010    @a978-7-5135-5605-7
100    @a20260624d2015 km y0chiy0120 ea
101 0  @achi
102    @aCN@b110000
200 1  @a小池塘大世界@AXiao Chi Tang Da Shi Jie@e大猎英语分级阅读@h1@i一级@f(英)卢埃林著,(英)桑德斯绘@F(Ying)Lu Ai Lin Zhu,(Ying)Sang De Si Hui
210    @a北京@c外语教学与研究出版社@d2015.04
215    @a15页@d20cm
300    @a适合小学一、地年级
503    @n河南城建学院图书馆
517 1  @a大猎英语分级阅读@ADa Lie Ying Yu Fen Ji Yue Du
517 1  @a一级@AYi Ji
606 0  @a英语
690    @aH319.4@v4
701  0 @a卢埃林著@ALu Ai Lin Zhu@4绘
701  0 @a桑德斯@ASang De Si@4绘
801  0 @aCN@b大连网信软件有限公司图书馆·11@c20260624
905    @aZUCC@dH319.4@eL781:1:1
    
    小池塘大世界:大猎英语分级阅读.1.一级/(英)卢埃林著,(英)桑德斯绘.-北京:外语教学与研究出版社,2015.04
    15页;20cm
    适合小学一、地年级
    
    ISBN 978-7-5135-5605-7:
    
●
相关链接 在E读中查询图书 在当当中查询图书 在豆瓣中查询图书


正题名:小池塘大世界     索取号:H319.4/L781:1:1         预约/预借

序号 登录号 条形码 馆藏地/架位号 状态 备注
1 1557125   215571254   外国语学院资料室/ [索取号:H319.4/L781:1:1] 在馆    
河南城建学院图书馆 欢迎您!
大连网信软件有限公司© 版权所有